[Event "GER North-chT U16"]
[Site "Magdeburg"]
[Date "2006.08.27"]
[Round "4.1"]
[White "Rutz, Maximilian"]
[Black "Carmesin, Matthias"]
[Result "1-0"]
[WhiteElo "1322"]
[BlackElo "1534"]
[PlyCount "45"]
[EventDate "2006.08.26"]
[EventType "team-tourn"]
[EventRounds "7"]
[EventCountry "GER"]
[SourceTitle "EXT 2007"]
[Source "ChessBase"]
[SourceDate "2006.11.23"]
[SourceVersion "1"]
[SourceVersionDate "2006.11.23"]
[SourceQuality "1"]

1. d4 d5 2. Nf3 e6 3. e3 f5 4. c4 c6 5. Bd3 Nf6 6. Nc3 Bd6 7. Qc2 Ne4 8. h3 Nd7 9. g4 g6 10. gxf5 gxf5 11. Rg1 c5 12. cxd5 Nxc3 13. dxe6 Nd5 14. exd7+ Qxd7 15. a3 b6 16. Bd2 Rf8 17. Qb3 Bb7 18. Bb5 Bc6 19. Bxc6 Qxc6 20. Rc1 Kd7 21. Bb4 Qb5 22. Qxd5 Qd3 23. Rg7+ 1-0

[Event "GER North-chT U16"]
[Site "Magdeburg"]
[Date "2006.08.26"]
[Round "1.1"]
[White "Rutz, Maximilian"]
[Black "Sakuth, Jeremias"]
[Result "0-1"]
[WhiteElo "1322"]
[BlackElo "1013"]
[PlyCount "130"]
[EventDate "2006.08.26"]
[EventType "team-tourn"]
[EventRounds "7"]
[EventCountry "GER"]
[SourceTitle "EXT 2007"]
[Source "ChessBase"]
[SourceDate "2006.11.23"]
[SourceVersion "1"]
[SourceVersionDate "2006.11.23"]
[SourceQuality "1"]

1. d4 d5 2. Nf3 Nf6 3. e3 Nc6 4. Bd3 Bg4 5. c4 e6 6. Qb3 b6 7. cxd5 exd5 8. Bb5 Bd7 9. Nc3 Na5 10. Bxd7+ Qxd7 11. Qb5 Qxb5 12. Nxb5 Bd6 13. Bd2 Nb7 14. 0-0 0-0 15. Rac1 Rfc8 16. Ne5 a6 17. Nxd6 Nxd6 18. Nc6 Kf8 19. Bb4 a5 20. Ba3 Nfe4 21. b3 Ke8 22. f3 Ng5 23. Ne5 Nb5 24. Bb2 f6 25. Nc6 Kd7 26. Rc2 Re8 27. Rfc1 Rxe3 28. Kf2 Rd3 29. Ke2 Rxf3 30. gxf3 Re8+ 31. Kf2 Nh3+ 32. Kf1 Re3 33. Kg2 Nf4+ 34. Kf2 Re6 35. a4 Nd3+ 36. Kg3 Nxc1 37. axb5 Nxb3 38. Kf2 g5 39. Re2 Rxe2+ 40. Kxe2 Kd6 41. Ba3+ Ke6 42. Ne7 Nxd4+ 43. Kf2 Nc2 44. Bc1 Kxe7 45. Ke2 d4 46. Kd3 Ne1+ 47. Ke2 Ng2 48. Bd2 a4 49. Kd3 a3 50. Bb4+ Ke6 51. Bxa3 Kd5 52. Be7 Nf4+ 53. Kd2 Kc4 54. Bxf6 h6 55. Bg7 Ne6 56. Be5 Kxb5 57. Bf6 c5 58. h4 Kc4 59. hxg5 hxg5 60. Be7 b5 61. Bd6 b4 62. Bg3 b3 63. Be1 d3 64. Kc1 Nd4 65. Kb2 Nxf3 0-1

[Event "Berlin op 01"]
[Site "Berlin"]
[Date "2006.02.03"]
[Round "8"]
[White "Rutz, Maximilian"]
[Black "Kropman, Alexei"]
[Result "1-0"]
[WhiteElo "1308"]
[BlackElo "1381"]
[PlyCount "47"]
[EventDate "2006.01.29"]
[EventType "swiss"]
[EventRounds "9"]
[EventCountry "GER"]
[SourceTitle "EXT 2007"]
[Source "ChessBase"]
[SourceDate "2006.11.23"]
[SourceVersion "1"]
[SourceVersionDate "2006.11.23"]
[SourceQuality "1"]

1. d4 e6 2. Nf3 d5 3. e3 Nf6 4. Bd3 c5 5. c3 Nc6 6. Nbd2 Be7 7. dxc5 Bxc5 8. 0-0 0-0 9. e4 dxe4 10. Nxe4 Nxe4 11. Bxe4 h6 12. Bf4 Re8 13. Re1 Qb6 14. Qe2 Rd8 15. Rad1 Bd7 16. b4 Bf8 17. a4 a5 18. Be3 Qc7 19. b5 Nb8 20. Qd2 Be7 21. Bxh6 Bxb5 22. Qe3 Rxd1 23. Rxd1 Bf8 24. Bf4 1-0

[Event "Berlin op 01"]
[Site "Berlin"]
[Date "2006.01.30"]
[Round "2"]
[White "Rutz, Maximilian"]
[Black "Chernova, Margarita"]
[Result "1-0"]
[WhiteElo "1308"]
[BlackElo "1158"]
[PlyCount "111"]
[EventDate "2006.01.29"]
[EventType "swiss"]
[EventRounds "9"]
[EventCountry "GER"]
[SourceTitle "EXT 2007"]
[Source "ChessBase"]
[SourceDate "2006.11.23"]
[SourceVersion "1"]
[SourceVersionDate "2006.11.23"]
[SourceQuality "1"]

1. d4 d5 2. Nf3 e6 3. e3 Bd6 4. Bd3 c6 5. Nbd2 f5 6. 0-0 Nf6 7. c4 0-0 8. b3 Ne4 9. Ne5 Bxe5 10. dxe5 Nd7 11. Ba3 Rf7 12. f4 Qb6 13. Qe2 Ndc5 14. Bxe4 Nxe4 15. Nxe4 fxe4 16. Bd6 Bd7 17. c5 Qd8 18. Qd2 Be8 19. Qb4 b6 20. Rab1 b5 21. a4 a5 22. Qc3 b4 23. Qd2 g5 24. Qe2 Raa7 25. Qg4 Rf5 26. h4 h5 27. Qg3 g4 28. Qf2 Rg7 29. g3 Bf7 30. Qe2 Qc8 31. Rf2 Be8 32. Rbf1 Qa8 33. Qd2 Bd7 34. Bc7 Bc8 35. Bb6 Ba6 36. Rc1 Bd3 37. Qd1 Kh7 38. Rd2 Kg8 39. Rxd3 exd3 40. Qxd3 Rgf7 41. Rd1 Rf8 42. e4 dxe4 43. Qxe4 Re8 44. Rd6 Ref8 45. Rxe6 Qc8 46. Rxc6 Qd7 47. Qc4+ R5f7 48. Rd6 Qf5 49. e6 Qb1+ 50. Kf2 Qb2+ 51. Ke1 Qb1+ 52. Rd1 Qg6 53. exf7+ Rxf7 54. c6 Kf8 55. Rd8+ Kg7 56. Bd4+ 1-0

[Event "Berlin op 01"]
[Site "Berlin"]
[Date "2006.01.29"]
[Round "1"]
[White "Tscheuschner, Georg"]
[Black "Rutz, Maximilian"]
[Result "0-1"]
[WhiteElo "1277"]
[BlackElo "1308"]
[PlyCount "118"]
[EventDate "2006.01.29"]
[EventType "swiss"]
[EventRounds "9"]
[EventCountry "GER"]
[SourceTitle "EXT 2007"]
[Source "ChessBase"]
[SourceDate "2006.11.23"]
[SourceVersion "1"]
[SourceVersionDate "2006.11.23"]
[SourceQuality "1"]

1. d4 Nf6 2. Nf3 d5 3. e3 e6 4. Bd3 Bd6 5. Nbd2 Nbd7 6. 0-0 e5 7. dxe5 Nxe5 8. Nxe5 Bxe5 9. Nf3 Bd6 10. Qe2 0-0 11. b3 Bg4 12. h3 Bh5 13. Bb2 Re8 14. Rfe1 c5 15. Bb5 Re6 16. c3 a6 17. Bd3 Qe7 18. Qd1 Re8 19. Rc1 Be5 20. Be2 Bxf3 21. Bxf3 Qd6 22. Ba3 b5 23. b4 c4 24. Kf1 Ne4 25. Bxe4 dxe4 26. Bb2 Rd8 27. Qxd6 Rdxd6 28. Rcd1 Rd3 29. Ke2 Red6 30. a3 Rg6 31. Rxd3 cxd3+ 32. Kf1 Rf6 33. Kg1 Rc6 34. Rd1 Bxc3 35. Bxc3 Rxc3 36. Kf1 Rxa3 37. Rc1 Kf8 38. Rc6 Rb3 39. Ke1 Rxb4 40. Rxa6 Ke7 41. Ra7+ Kf6 42. Ra6+ Kg5 43. Ra7 Kg6 44. g4 Rc4 45. Kd2 b4 46. Ra4 Rc2+ 47. Ke1 b3 48. Ra6+ f6 49. Rb6 b2 50. g5 Rc1+ 51. Kd2 b1Q 52. Rxb1 Rxb1 53. gxf6 Kxf6 54. h4 Rb2+ 55. Kd1 Ke5 56. f4+ exf3 57. h5 f2 58. Kc1 Rc2+ 59. Kb1 f1Q# 0-1

[Event "Berlin op 11"]
[Site "Berlin"]
[Date "2005.11.19"]
[Round "5"]
[White "Rutz, Maximilian"]
[Black "Chernova, Margarita"]
[Result "1-0"]
[WhiteElo "1144"]
[BlackElo "1098"]
[PlyCount "77"]
[EventDate "2005.11.05"]
[EventType "swiss"]
[EventRounds "7"]
[EventCountry "GER"]
[SourceTitle "EXT 2007"]
[Source "ChessBase"]
[SourceDate "2006.11.23"]
[SourceVersion "1"]
[SourceVersionDate "2006.11.23"]
[SourceQuality "1"]

1. d4 d5 2. Nf3 e6 3. e3 Bd6 4. Bd3 c6 5. Nbd2 f5 6. 0-0 Nf6 7. Ne5 0-0 8. f4 Nbd7 9. Ndf3 Ne4 10. Bxe4 fxe4 11. Ng5 Nxe5 12. dxe5 Bxe5 13. Qh5 h6 14. Nxe6 Bxe6 15. Qxe5 Qd7 16. Bd2 c5 17. Rad1 Rf5 18. Qc3 d4 19. exd4 cxd4 20. Qb4 e3 21. Bxe3 Rb5 22. Qxd4 Qxd4 23. Bxd4 Ra5 24. a3 a6 25. Bc3 Rc5 26. Rde1 Bc4 27. Rf2 Bd5 28. Re5 Rd8 29. Rd2 b6 30. Bb4 Rb5 31. c4 Rxb4 32. axb4 Rf8 33. Rexd5 Rxf4 34. Rc2 Kf7 35. c5 Rxb4 36. c6 Re4 37. c7 Re1+ 38. Kf2 Re8 39. Rd8 1-0

[Event "Berlin-ch U12"]
[Site "Berlin"]
[Date "2005.01.29"]
[Round "9"]
[White "Bading, Kenneth"]
[Black "Rutz, Maximilian"]
[Result "1/2-1/2"]
[WhiteElo "1107"]
[BlackElo "1228"]
[PlyCount "65"]
[EventDate "2005.01.23"]
[EventType "tourn"]
[EventRounds "9"]
[EventCountry "GER"]
[SourceTitle "EXT 2007"]
[Source "ChessBase"]
[SourceDate "2006.11.23"]
[SourceVersion "1"]
[SourceVersionDate "2006.11.23"]
[SourceQuality "1"]

1. e4 d5 2. exd5 Nf6 3. Nc3 Nxd5 4. Nxd5 Qxd5 5. Nf3 Nc6 6. h3 e6 7. Bd3 b6 8. b3 Bb7 9. Bb2 Bd6 10. Qe2 0-0-0 11. Ba6 Nb4 12. Bxb7+ Kxb7 13. d3 Bf4 14. a3 Nc6 15. 0-0 h5 16. Qe4 Qxe4 17. dxe4 f6 18. Rae1 e5 19. Bc1 Bxc1 20. Rxc1 g5 21. h4 g4 22. Ne1 Rhe8 23. Nd3 g3 24. f3 Nd4 25. Rfe1 Nxc2 26. Nc5+ bxc5 27. Rxc2 Rd3 28. Rxc5 Rxb3 29. Rec1 Re7 30. a4 Rd7 31. Kf1 Rbd3 32. Rb1+ Kc8 33. Rcc1 1/2-1/2

[Event "Berlin-ch U12"]
[Site "Berlin"]
[Date "2005.01.26"]
[Round "5"]
[White "Wilke, Friedrich"]
[Black "Rutz, Maximilian"]
[Result "1-0"]
[WhiteElo "1464"]
[BlackElo "1228"]
[PlyCount "81"]
[EventDate "2005.01.23"]
[EventType "tourn"]
[EventRounds "9"]
[EventCountry "GER"]
[SourceTitle "EXT 2007"]
[Source "ChessBase"]
[SourceDate "2006.11.23"]
[SourceVersion "1"]
[SourceVersionDate "2006.11.23"]
[SourceQuality "1"]

1. Nf3 Nf6 2. d4 g6 3. c4 c5 4. d5 b5 5. Qc2 Qb6 6. e3 Bg7 7. Nc3 0-0 8. Nxb5 a6 9. Nc3 d6 10. Be2 e6 11. 0-0 exd5 12. cxd5 Re8 13. Na4 Qb7 14. Nc3 Nxd5 15. Nxd5 Qxd5 16. Rd1 Qc6 17. Rb1 Bf5 18. Bd3 Be6 19. b3 Bd5 20. Ne1 Nd7 21. Bb2 Ne5 22. f3 a5 23. Bxe5 Bxe5 24. e4 Bd4+ 25. Kh1 Be6 26. a4 Qb6 27. Bc4 Rab8 28. Qd3 Bxc4 29. Qxc4 Qb4 30. Nc2 Qxc4 31. bxc4 Bc3 32. Kg1 Bd2 33. Rxb8 Rxb8 34. Rxd2 Rb2 35. Kf2 Ra2 36. Kg3 Rxa4 37. Ne3 Rb4 38. Rxd6 Kf8 39. Kf4 Ke7 40. Ke5 h5 41. Nd5+ 1-0

[Event "Berlin-ch U10"]
[Site "Berlin"]
[Date "2004.02.02"]
[Round "2"]
[White "Rutz, Maximilian"]
[Black "Tscheuschner, Georg"]
[Result "0-1"]
[WhiteElo "769"]
[BlackElo "948"]
[PlyCount "98"]
[EventDate "2004.04.??"]
[EventType "tourn"]
[EventRounds "9"]
[EventCountry "GER"]
[SourceTitle "EXT 2005"]
[Source "ChessBase"]
[SourceDate "2004.11.15"]
[SourceVersion "1"]
[SourceVersionDate "2004.11.15"]
[SourceQuality "1"]

1. e4 c5 2. Nf3 d6 3. Nc3 a6 4. Be2 Nc6 5. 0-0 Nf6 6. a4 e6 7. b3 Be7 8. Re1 0-0 9. Bb2 b6 10. d3 Nd4 11. Na2 e5 12. c3 Nc6 13. Qc2 Be6 14. d4 cxd4 15. cxd4 Rc8 16. Qd3 d5 17. exd5 Nxd5 18. dxe5 Ncb4 19. Nxb4 Nxb4 20. Qxd8 Rfxd8 21. Red1 Bxb3 22. Rxd8+ Bxd8 23. Ba3 a5 24. Bxb4 axb4 25. Rb1 Bxa4 26. Rxb4 Bc6 27. Rc4 b5 28. Rc5 Be7 29. Rc2 Rb8 30. Rxc6 b4 31. Rc7 Kf8 32. Bd3 Rd8 33. Ne1 Rb8 34. Bxh7 g6 35. h3 b3 36. Nd3 b2 37. Nxb2 Rxb2 38. Rc8+ Kg7 39. Re8 Bc5 40. Bg8 Bf8 41. Bh7 Bc5 42. Bg8 Rxf2 43. Kh2 Re2 44. Rc8 Rxe5 45. Kg3 Bd6 46. Rd8 Rd5+ 47. Kg4 Kf6 48. Rd7 Rg5+ 49. Kh4 Bg3# 0-1